000 00876nam a2200205Ii 4500
003 JO-AjNU
008 230605s9999||||xx |||||||||||||| ||und||
017 _a2009
040 _aJO-AjNU
_bara
_erda
_cJO-AjNU
041 _aara
050 1 4 _aHF5686 2009
100 3 _aالشريفي، ناظم حسن /م.مشارك: سعود جايد مشكور العامري,
_eauthor
_929336
245 0 0 _aالمحاسبة المتقدمة في الشركات : الاسس النظرية والعملية لاحتساب قيمة الشركات
264 3 1 _aعمان: دار زهران للنشر والتوزيع ،2009
300 _a163ص
_bيحتوي على ببلوغرافية من ص155-163ص
336 _atext
_btxt
_2rdacontent
337 _aunmediated
_bn
_2rdamedia
338 _avolume
_bnc
_2rdacarrier
650 4 _aالمحاسبة المتقدمة - الشركات
_929337
999 _aA11491
_c15059
_d15059